000 00562nam a2200217Ia 4500
003 OSt
005 20220928140623.0
006 a|||||r|||| 00| 0
007 ta
008 220927b |||||||| |||| 00| 0 eng d
024 _a10154
037 _cTextual
040 _aSDCL
_cSDCL
_beng
041 _2eng
_aeng
082 _aO-,3M12:g, L3
100 _aLary N M
_9496357
245 0 _aDostovesky and Dickens
_b A study of literary influence.
260 _c1973
942 _hO-,3M12:g, L3
_cTEXL
_2CC
999 _c812676
_d812676